Nel paese del vento : Grazia Deledda, Lina Sacchetti, Isotta Gervasi a Cervia /

সংরক্ষণ করুন:
গ্রন্থ-পঞ্জীর বিবরন
প্রধান লেখক: Ricci, Manuela, (1965- ) (লেখক), Gagliardi, Elena, (1972- ) (লেখক)
অন্যান্য লেখক: Foschi, Umberto, Madesani Deledda, Alessandro, Pilandri, Gino
বিন্যাস: গ্রন্থ
ভাষা:ইতালিয়
প্রকাশিত: Ravenna : Longo, \1998!
মালা:Il portico ; 112
বিষয়গুলি:
ট্যাগগুলো: ট্যাগ যুক্ত করুন
কোনো ট্যাগ নেই, প্রথমজন হিসাবে ট্যাগ করুন!

MARC

LEADER 00000nam a2200000 i 4500
001 IT\ICCU\RAV\0318003
003 ItRI
005 20260115231938.0
008 980706s1998 it |||||| ||||| |||||c
015 |2 IT  |a 99-9779 
020 |a 8880631691 
040 |b ita  |c importazione bologna sebina 
041 7 |a ita  |2 ISO-639-2 
082 |a 853.912  |9 NARRATIVA ITALIANA. 1900-1945  |2 20 
100 1 |a Ricci, Manuela,  |d  (1965- )  |0 IT\ICCU\CFIV\213813  |4 aut 
245 1 0 |a Nel paese del vento :  |b Grazia Deledda, Lina Sacchetti, Isotta Gervasi a Cervia /  |c Manuela Ricci, Elena Gagliardi ; con interventi di Alessandro Madesani Deledda, Gino Pilandri, Umberto Foschi. 
260 |a Ravenna :  |b Longo,  |c \1998! 
300 |a 126 p. :  |b ill. ;  |c 24 cm. 
650 7 |a Cervia  |x Vita artistica e culturale  |x 1920-1935  |2 scbi 
650 7 |a Deledda, Grazia  |x Cervia  |2 scbi 
700 1 |a Foschi, Umberto  |0 IT\ICCU\CFIV\017356 
700 1 |a Gagliardi, Elena,  |d  (1972- )  |0 IT\ICCU\RAVV\105044  |4 aut 
700 1 |a Madesani Deledda, Alessandro  |0 IT\ICCU\RAVV\105045 
700 1 |a Pilandri, Gino  |0 IT\ICCU\RAVV\078770 
830 3 |a Il portico ;  |v 112  |0 IT\ICCU\CSA\0067246 
942 |2 ddc  |c BK  |n 0 
952 |0 0  |1 0  |4 0  |6 DOC_853_912000000000000_RIC  |7 0  |9 17412  |a BO  |b BO  |d 2026-01-15  |i 18728  |l 0  |o DOC 853.912 RIC  |p BO18728  |r 2026-01-15 23:19:38  |w 2026-01-15  |x [Sebina 5] [1 v.]  |y BK  |z 1 v. 
999 |c 14855  |d 14855